| 000 | 01029nam a2200241Ia 4500 | ||
|---|---|---|---|
| 003 | Ost | ||
| 005 | 20260507075152.0 | ||
| 008 | 260507s9999||||xx |||||||||||||| ||und|| | ||
| 040 | _cfsecg | ||
| 041 | _aara | ||
| 082 | _a330 | ||
| 100 |
_aمقابله، خالد _eمؤلف |
||
| 245 | 0 |
_aالتسويق الفندقي : _bمدخل شامل / _c خالد مقابله |
|
| 260 |
_aعمان: _bدار زهران, _c2009 |
||
| 300 |
_a246 صفحة؛ _c24 سم |
||
| 504 | _aمراجع ص.247 | ||
| 520 | _aتسوق الخدمات و التسويق الفندقي ، التنظيم التسويقي ، مزيج الخدملت الفندقية ، التسعيرة و التوزيع و الترويج ، الأفراد ، المشاكل التسويقية في الصناعة الفندقية مع وجود مصطلحات هامة في السياحة و الفندقة | ||
| 653 | _aالتسويق | ||
| 653 | _aالسياحة | ||
| 653 | _aالفنادق | ||
| 653 | _aالفنادق ــ تسويق | ||
| 942 | _cكتاب | ||
| 999 |
_c43345 _d43345 |
||